Special functions and their applications
Salvato in:
| Autore principale: | |
|---|---|
| Natura: | Libro |
| Lingua: | inglese |
| Pubblicazione: |
Nueva York
Dover
1972
|
| Edizione: | 1a. ed |
| Soggetti: | |
| Tags: |
Aggiungi Tag
Nessun Tag, puoi essere il primo ad aggiungerne!!
|
MARC
| LEADER | 00000nam a2200000 a 4500 | ||
|---|---|---|---|
| 001 | UCG0316 | ||
| 003 | CL-VaPUC | ||
| 008 | 100318e19720000US |||||||||||||||||eng|d | ||
| 020 | |a 0486606244 | ||
| 082 | 0 | 4 | |a 515.25 |b LEB |2 21 |
| 100 | |a Lebedev, N. N |e author |9 564645 | ||
| 245 | 1 | 0 | |a Special functions and their applications |
| 250 | |a 1a. ed | ||
| 300 | |a 308 p | ||
| 942 | |c BK | ||
| 945 | |d 20100318 00:00:00 |a rbrito | ||
| 260 | |a Nueva York |b Dover |c 1972 | ||
| 650 | 0 | |a Funciones |9 263869 | |
| 650 | 0 | |a Matemáticas aplicadas |9 342401 | |
| 650 | 7 | |a FUNCIONES GAMA |2 CL-VaPUC |9 359759 | |
| 650 | 0 | |a Integrales |9 260233 | |
| 650 | 7 | |a FUNCIONES ARMONICAS |2 CL-VaPUC |9 322166 | |
| 583 | |a last modification |c 20121214 09:56:56 |k Rodrigo Vera | ||
| 999 | |c 339991 |d 339989 | ||
| 952 | |0 0 |1 0 |4 0 |6 515_250000000000000_LEB_1972 |7 0 |8 A |9 434293 |a BIBCUR |b BIBCUR |d 2019-11-22 |i 4649796 |l 1 |o 515.25 LEB 1972 |p 4649796 |r 2025-04-22 |s 2024-05-14 |w 2019-11-22 |y BK |k FIS | ||